000 00715nam a2200217Ii 4500
003 JO-AjNU
008 230605s9999||||xx |||||||||||||| ||und||
017 _a1984/8/350
040 _aJO-AjNU
_bara
_erda
_cJO-AjNU
041 _aara
050 1 4 _aBP161.2.Q3297 1984
100 3 _aالقضاة،زكريا محمد ، مروان ابراهيم القيسي ، محمد العمري,
_eauthor
_941241
245 0 0 _aدراسات في الثقافة الإسلامية
250 _aط1
264 3 1 _aد.م: د.ن، 1984
300 _a226ص
336 _atext
_btxt
_2rdacontent
337 _aunmediated
_bn
_2rdamedia
338 _avolume
_bnc
_2rdacarrier
650 4 _aالثقافة الاسلامية
_941242
999 _aA17567
_c21135
_d21135